00000000nam##2200000za#4500
0019.669549
003CaOODSP
00520210615124904
007ta
008150407|2007||||xxc|||||     f|0| 0 eng|d
040 |aCaOODSP|beng
041 |aeng
041 |afre
043 |an-cn---
0861 |aH14-10/2007
1101 |aCanada. |bHealth Canada.
24510|aInformation within your reach - Health Canada, Quebec Region
260 |aOttawa - Ontario : |bHealth Canada |c[2007].
300 |a[10]p. : |bphotographs ; |c11 cm.
500 |aThe catalogue number (H14-10/2007E) and ISBN (978-0-662-46904-0) for the English print edition have been incorrectly copied in this bilingual print edition.
563 |aSoftcover
590 |a07-50|b2007-12-14
69007|aHealth promotion|2gcpds
7760#|tL'information à portée de main - Santé Canada, Région du Québec |w(CaOODSP)9.675738
792 |tL'information à portée de la main - Santé Canada, Région du Québec |efre|w(CaOODSP)9.669550